00620nam a2200193 i 4500001000300000100002300003245008700026260002100113700002300134700002100157040000800178041000800186080002000194942000700214008004100221999001700262856009800279952004900377bg1 aBĄDKOWSKA, Zofia 0aObliczenia z chemii nieorganicznej /cZ. Bądkowska, E. Koliński, M. Wojnowska. aGdańsk,c1973.1 aKOLIŃSKI, Edmund1 aWOJNOWSKA, Maria cBPK apol a546(075.8)(076) cKS s pl f |000 0 pol  c26007d26007 uhttp://koha.tu.koszalin.pl/cgi-bin/koha/opac-detail.pl?biblionumber=26007yKatalog online BPK 00104070aBPKbBPKcwo17105p01078831yKS